| 000 | 02451cam a22005294i 4500 | ||
|---|---|---|---|
| 003 | PE-LiUPU | ||
| 005 | 20250731173352.0 | ||
| 008 | 150706s2003 sp a r 000 0 spa d | ||
| 020 | _a8428526060 | ||
| 035 | _a(Sirsi) i9788428526067 | ||
| 040 |
_aPE-LiUPU _bspa _cPE-LiUPU _erda |
||
| 049 | _aPRUA | ||
| 082 | 0 | 4 |
_a291 _bTM77 _221 |
| 100 | 1 |
_aMichel, Thomas, _eautor. |
|
| 245 | 1 | 0 |
_aCristianos y musulmanes : _bun cristiano presenta su fe a los musulmanes / _cThomas Michel ; [traducido por Jorge Raigosa Alzate y Francisco Froján Madero] . |
| 264 | 1 |
_aMadrid : _bSan Pablo, _c[2003] . |
|
| 300 |
_a132 páginas ; _c23 centímetros. |
||
| 336 |
_atext _2rdacontent |
||
| 337 |
_aunmediated _2rdamedia |
||
| 338 |
_avolume _2rdacarrier |
||
| 490 | 0 |
_aLas religiones ¿qué son? ; _v5 |
|
| 505 | 0 | _aLa biblia: inspiración y revelación -- La doctrina básica de la fe cristiana -- Desarrollo histórico de la comunidad cristiana -- Teología, filosofía y espiritualidad cristianas. | |
| 526 | _aSEG42 | ||
| 526 | _aSEG41 | ||
| 526 | _aSEG40 | ||
| 526 | _aSEG39 | ||
| 526 | _aP94 | ||
| 526 | _aP87 | ||
| 526 | _aP86 | ||
| 526 | _aP85 | ||
| 526 | _aP77 | ||
| 526 | _aP76 | ||
| 526 | _aP35 | ||
| 541 | _g007-0020803; | ||
| 650 | 0 | 4 | _aCristianismo. |
| 700 | 1 |
_aFroján Madero, Francisco, _etraductor. |
|
| 700 | 1 |
_aJorge Raigosa Alzate, Jorge, _etraductor. |
|
| 910 |
_bjv _cng _d20100621 |
||
| 942 |
_2ddc _cBOOK |
||
| 949 |
_a291 TM77 _wDEWEY _c1 _i61907 _d2016-10-19 _e2016-10-17 _lCCODEBUL1 _mBUL _n1 _p12.00 _r0 _sY _tBOOK _u2015-7-6 _xTEOLOGIA _PP35 _0COMPRA _o.STAFF. Colección Teología |
||
| 949 |
_aPGT 291 TM77 _wDEWEY _c1 _i71883 _d2016-11-14 _e2016-11-9 _lCCODEBUL1 _mBUL _n3 _p12.00 _q2 _r0 _sY _tBOOK _u2015-8-24 _xTEOLOGIA _PP85 _0COMPRA _o.CIRCNOTE. No olvidar cambiar la fecha de devolución!!!!!!! _o.STAFF. Posgrado |
||
| 994 |
_aC0 _bPEPRU |
||
| 596 | _a1 | ||
| 999 |
_a291 TM77 _wDEWEY _c51037 _i61907 _d51037 _e2017-6-25 _f2021-11-11 _g5 _lCCODEBUL1 _mBUL _n2 _p12.00 _r0 _sY _tBOOK _u2015-7-6 _xTEOLOGIA _PP35 _0COMPRA _o.STAFF. Colección Teología |
||
| 999 |
_aPGT 291 TM77 _wDEWEY _c1 _i71883 _d2018-4-25 _e2018-4-22 _f2021-11-11 _g5 _lCCODEBUL1 _mBUL _n4 _p12.00 _q2 _r0 _sY _tBOOK _u2015-8-24 _xTEOLOGIA _PP85 _0COMPRA _o.CIRCNOTE. No olvidar cambiar la fecha de devolución!!!!!!! _o.STAFF. Colección Teología |
||
| 980 |
_81 _gALBERTO SANCHEZ Responsable de Automatización |
||